NFL 2021 Pro Bowlers Predictions - Statistics

General Stats
  • This quiz has been taken 45 times
  • The average score is 40 of 88
Answer Stats
Confrence Team Position Player % Correct
NFC Green Bay Packers QB Aaron Rodgers
97%
AFC Houston Texans QB Deshaun Watson
97%
AFC Buffalo Bills QB Josh Allen
97%
AFC Kansas City Chiefs QB Patrick Mahomes
97%
NFC Seattle Seahawks QB Russell Wilson
97%
NFC Tampa Bay Buccaneers QB Tom Brady
97%
NFC New Orleans Saints HB Alvin Kamara
95%
AFC Tennessee Titans HB Derrick Henry
95%
AFC Los Angeles Chargers WR Keenan Allen
95%
AFC Cleveland Browns HB Nick Chubb
95%
NFC New York Giants HB Saquon Barkley
95%
NFC Carolina Panthers HB Christian McCaffrey
92%
AFC Las Vegas Raiders HB Josh Jacobs
92%
AFC Buffalo Bills WR Stefon Diggs
87%
NFC Arizona Cardinals WR DeAndre Hopkins
85%
AFC Kansas City Chiefs WR Tyreek Hill
85%
NFC Seattle Seahawks WR D.K Metcalf
82%
NFC San Francisco 49ers TE George Kittle
82%
NFC Atlanta Falcons WR Julio Jones
82%
AFC Kansas City Chiefs TE Travis Kelce
82%
NFC Arizona Cardinals LOLB Chandler Jones
79%
AFC Las Vegas Raiders TE Darren Waller
77%
NFC Tampa Bay Buccaneers TE Rob Gronkowski
77%
NFC Detroit Lions TE T.J Hockenson
67%
AFC Pittsburgh Steelers LOLB T.J Watt
64%
NFC Arizona Cardinals LE J.J Watt
59%
AFC Los Angeles Chargers LE Joey Bosa
56%
NFC San Francisco 49ers RE Nick Bosa
56%
AFC Denver Broncos LOLB Von Miller
56%
NFC Los Angeles Rams RE Aaron Donald
54%
NFC Los Angeles Rams CB Jalen Ramsey
54%
AFC Baltimore Ravens TE Mark Andrews
51%
AFC Cleveland Browns RE Myles Garrett
51%
AFC New England Patriots CB Stephon Gilmore
51%
AFC Baltimore Ravens K Justin Tucker
46%
AFC Buffalo Bills CB Tre'Davious White
46%
NFC Seattle Seahawks MLB Bobby Wagner
44%
AFC Miami Dolphins CB Xavien Howard
44%
AFC Kansas City Chiefs DT Chris Jones
41%
NFC San Francisco 49ers MLB Fred Warner
41%
NFC Chicago Bears LOLB Khalil Mack
41%
AFC Indianapolis Colts LG Quenton Nelson
41%
NFC New Orleans Saints LE Cameron Jordan
38%
NFC San Francisco 49ers LT Trent Williams
38%
NFC Arizona Cardinals SS Budda Baker
31%
AFC Indianapolis Colts DT DeForest Buckner
31%
AFC New England Patriots FS Devin McCourty
31%
NFC Philadelphia Eagles DT Fletcher Cox
31%
NFC Minnesota Vikings SS Harrison Smith
31%
NFC Green Bay Packers CB Jaire Alexander
31%
AFC Denver Broncos FS Justin Simmons
31%
AFC Kansas City Chiefs SS Tyrann Mathieu
31%
AFC Denver Broncos ROLB Bradley Chubb
28%
NFC Chicago Bears FS Eddie Jackson
28%
NFC Philadelphia Eagles C Jason Kelce
28%
AFC Cleveland Browns LG Joel Bitonio
26%
AFC Houston Texans LT Laremy Tunsil
26%
AFC Baltimore Ravens LT Ronnie Stanley
26%
AFC New York Jets MLB C.J Mosley
23%
AFC New England Patriots C David Andrews
23%
NFC Green Bay Packers LT David Bakhtiari
23%
NFC San Francisco 49ers FB Kyle Juszczyk
23%
AFC Indianapolis Colts C Ryan Kelly
23%
NFC Atlanta Falcons K Younghoe Koo
23%
AFC Baltimore Ravens RE Calais Campbell
21%
NFC Atlanta Falcons DT Grady Jarrett
21%
NFC Los Angeles Rams P Johnny Hekker
21%
AFC Baltimore Ravens FB Patrick Ricard
21%
NFC New Orleans Saints RT Ryan Ramczyk
21%
NFC Tampa Bay Buccaneers RT Tristan Wirfs
21%
NFC Dallas Cowboys RG Zack Martin
21%
NFC Tampa Bay Buccaneers LG Ali Marpet
18%
AFC New England Patriots MLB Dont'a Hightower
18%
AFC Buffalo Bills SS Jordan Poyer
18%
NFC New Orleans Saints FS Marcus Williams
18%
AFC Cleveland Browns RG Wyatt Teller
18%
NFC Philadelphia Eagles RG Brandon Brooks
15%
AFC Tennessee Titans P Brett Kern
15%
NFC Tampa Bay Buccaneers ROLB Jason Pierre Paul
15%
AFC Kansas City Chiefs RT Mitchell Schwartz
15%
AFC Jacksonville Jaguars ROLB Myles Jack
15%
AFC Pittsburgh Steelers LE Stephon Tuitt
13%
AFC Los Angeles Chargers RT Bryan Bulaga
10%
NFC Green Bay Packers LG Elgton Jenkins
10%
NFC Arizona Cardinals C Rodney Hudson
10%
NFC New York Giants CB James Bradberry IV
8%
NFC Seattle Seahawks ROLB K.J Wright
8%
AFC Cleveland Browns RG David DeCastro
0%
No matching quizzes found
Score Distribution
Percent of People with Each Score
Percentile by Number Answered
Your Score History
You have not taken this quiz